¿ Cómo lo hicimos? . Ideas para una sistematización participativa. Experiencias de uso comunitario sostenible de vida silvestre
Salvato in:
| Autore principale: | |
|---|---|
| Ente Autore: | |
| Natura: | testo |
| Pubblicazione: |
San José:
UICN
|
| Tags: |
Aggiungi Tag
Nessun Tag, puoi essere il primo ad aggiungerne!!
|
MARC
| LEADER | 00000 a a2200000 04500 | ||
|---|---|---|---|
| 001 | 23380 | ||
| 003 | |||
| 040 | |||
| 020 | |a 9968-743-17-8 | ||
| 090 | |a 162700 | ||
| 100 | |a Ayales Cruz, Ivannia | ||
| 110 | |a UICN | ||
| 245 | |a ¿ Cómo lo hicimos? . Ideas para una sistematización participativa. Experiencias de uso comunitario sostenible de vida silvestre | ||
| 260 | |a San José: |b UICN | ||
| 300 | |a 49 p. | ||
| 999 | |c 16758 |d 16758 | ||



